LEADER 01052nam0 22002771i 450 001 SUN0017740 005 20140625025023.238 010 $a18-589-8339-8 100 $a20040614d1999 |0engc50 ba 101 $aeng 102 $aGB 105 $a|||| ||||| 200 1 $aEnvironmental policy in the European Union$fPamela M. Barnes, Ian G. Barnes 210 $aCheltenham$cElgar$dc1999 215 $aXIV, 344 p.$d25 cm. 620 $dCheltenham$3SUNL000120 676 $a363.70094$v21 700 1$aBarnes$b, Pamela M.$3SUNV013710$0527067 701 1$aBarnes$b, Ian G.$3SUNV013714$0729282 712 $aElgar$3SUNV000467$4650 801 $aIT$bSOL$c20181109$gRICA 912 $aSUN0017740 950 $aUFFICIO DI BIBLIOTECA DEL DIPARTIMENTO DI GIURISPRUDENZA$d00 CONS X.Ed.112 $e00 25866 995 $aUFFICIO DI BIBLIOTECA DEL DIPARTIMENTO DI GIURISPRUDENZA$h25866$kCONS X.Ed.112$op$qa 996 $aEnvironmental policy in the European Union$91428853 997 $aUNICAMPANIA LEADER 02670 am 2200493 n 450 001 9910522586803321 005 20211015 010 $a2-7535-8493-1 024 7 $a10.4000/books.pur.148585 035 $a(CKB)4100000012520263 035 $a(FrMaCLE)OB-pur-148585 035 $a(oapen)https://directory.doabooks.org/handle/20.500.12854/86773 035 $a(PPN)267962401 035 $a(EXLCZ)994100000012520263 100 $a20220209j|||||||| ||| 0 101 0 $afre 135 $auu||||||m|||| 181 $ctxt$2rdacontent 182 $cc$2rdamedia 183 $acr$2rdacarrier 200 13$aLa confiance dans les relations familiales $eRégulation des sorties juvéniles, genre et usages sociaux de psychotropes /$fLudovic Gaussot, Nicolas Palierne 210 $aRennes $cPresses universitaires de Rennes$d2021 215 $a1 online resource (212 p.) 225 1 $aLe sens social 311 $a2-7535-7943-1 330 $aLes consommations de produits psychotropes (alcool, tabac, cannabis, autres « drogues ») chez les adolescents attirent l?attention de la santé publique et des médias depuis plus de cinq décennies. Cette attention se focalise surtout sur les pratiques à risque : on en sait moins sur les sorties et consommations ordinaires des jeunes filles et garçons. Ce livre vise à comprendre la gestion et l?inscription de ces pratiques genrées au sein des relations familiales. Si la relation de confiance apparaît comme un mode privilégié des rapports parents-adolescents, en vue de développer une autonomisation responsable des jeunes, elle se trouve aussi mise en jeu et à l?épreuve dans la négociation et l?encadrement des sorties et des consommations juvéniles. On y observe par exemple une différenciation genrée qui reflète un certain rapport au monde et à ses dangers. Ces pratiques constituent dès lors une entrée pertinente pour étudier l?autonomisation et la construction d?une vie à soi chez les jeunes, les pratiques éducatives genrées ainsi que l?échange, les non-dits et les mensonges parfois à l??uvre dans les relations familiales contemporaines. 606 $aSociology 606 $asociologie 606 $afamille 606 $aconfiance 610 $asociologie 610 $afamille 610 $aconfiance 615 4$aSociology 615 4$asociologie 615 4$afamille 615 4$aconfiance 700 $aGaussot$b Ludovic$01285670 701 $aPalierne$b Nicolas$01307183 801 0$bFR-FrMaCLE 906 $aBOOK 912 $a9910522586803321 996 $aLa confiance dans les relations familiales$93038569 997 $aUNINA LEADER 03095nam 2200589I 450 001 9910788191703321 005 20230803032429.0 010 $a0-429-25580-2 010 $a1-4822-1465-2 035 $a(CKB)2670000000593867 035 $a(EBL)1443858 035 $a(SSID)ssj0001444077 035 $a(PQKBManifestationID)12558800 035 $a(PQKBTitleCode)TC0001444077 035 $a(PQKBWorkID)11449780 035 $a(PQKB)10237578 035 $a(MiAaPQ)EBC1443858 035 $a(MiAaPQ)EBC4743035 035 $a(Au-PeEL)EBL1443858 035 $a(CaPaEBR)ebr11165956 035 $a(OCoLC)908077425 035 $a(OCoLC)858914446 035 $a(EXLCZ)992670000000593867 100 $a20180611d2013 uy 0 101 0 $aeng 135 $aur|n|---||||| 181 $ctxt 182 $cc 183 $acr 200 10$aDecision point $ereal-life ethical dilemmas in law enforcement /$fby Jeffrey L. Green 205 $aFirst edition. 210 1$aBoca Raton, FL :$cCRC Press, an imprint of Taylor and Francis,$d2013. 215 $a1 online resource (220 p.) 300 $aDescription based upon print version of record. 311 $a1-4822-1464-4 311 $a1-322-63169-7 320 $aIncludes bibliographical references. 327 $aFront Cover; Contents; Foreword; Preface; Acknowledgments; Chapter 1: Introduction; Chapter 2: Overview of Ethical Theory; Chapter 3: The Blue Wall; Chapter 4: If Not Me, Then Who?; Chapter 5: I'll See You Tonight!; Chapter 6: Color of the Badge; Chapter 7: The Minister's Misfortune; Chapter 8: Where's the ROI at His Age?; Chapter 9: Where's the Harm?; Chapter 10: Plainclothes Dinner; Chapter 11: One Year From Retirement; Chapter 12: One Extra Hit; Chapter 13: Loosen Those Cuffs; Chapter 14: Dark Justice; Chapter 15: Four 20-Dollar Rocks; Chapter 16: K-9 Probable Cause 327 $aChapter 17: One Black HairChapter 18: The Day Planner; Chapter 19: Karma; Chapter 20: Monsters Among Us; Chapter 21: The Starfish; Chapter 22: Don't Judge Me; Chapter 23: Something You Should Know; Chapter 24: Through the Eyes of a Child; Chapter 25: The Turnpike; Chapter 26: Home Life; Chapter 27: Bring Your Toothbrush; Chapter 28: The Confidential and (Un)Reliable Informant; Chapter 29: Don't Search Him Too Close; Afterword; References; About the Author; Back Cover 330 3 $aExploring the concepts of ethics, morality, and decision-making for the law enforcement community, Decision Point: Real-Life Ethical Dilemmas in Law Enforcement offers an inside look at the difficult challenges officers confront every day as they face ethical decisions that could drastically alter the course of their careers. 606 $aPolice ethics 606 $aDecision making$xMoral and ethical aspects 615 0$aPolice ethics. 615 0$aDecision making$xMoral and ethical aspects. 676 $a174/.93632 700 $aGreen$b Jeffrey L.$01473905 801 0$bFlBoTFG 801 1$bFlBoTFG 906 $aBOOK 912 $a9910788191703321 996 $aDecision point$93687260 997 $aUNINA